01712nam a2200277Ia 4500952010800000952010800108999001700216008004100233020001500274050002100289100003200310240005100342245013000393250001900523260004300542300002300585500011900608505048900727519005401216650002801270650002801298650003001326700003001356700003601386942001201422 00104070a03b03d2001-05-15l1oQA300 H34 1992p03 002602r2018-05-14s2018-05-12t1w2012-07-20yLB 00104070a03b03d2001-05-15l8oQA300 H34 1992p03 002603r2019-03-27s2019-03-27t2w2012-07-20yLB c79638d79638120720s1992 mx 000 0 spa d a9687270977 aQA300 bH34 19921 aHaeussler, Ernest F.eautor aIntroductory Mathematical Analysis lespañol aMatemáticas para administración y economía c / Ernest F. Haeussler, Richard S. Paul ; traducción Alfredo Díaz Mata a2a. edición  aMéxicob : Iberoaméricana c, 1992 axiv, 835 páginas aIncluye: apéndices (pp. 751-819) Incluye: índice (pp. 820-829) Incluye: índice de aplicaciones (pp. 831-835) aRepaso de álgebra Ecuaciones Aplicaciones de las ecuaciones y desigualdades Funciones y gráficas Rectas, parábolas y sistemas Funciones exponenciales y logarítmica Matemáticas financieras Álgebra de matrices Programación lineal Límites y continuidad Diferenciación ( o derivación) Temas adicionales sobre diferenciación Trazo de curvas Aplicaciones de la diferenciación Integración Métodos y aplicaciones de la integración Cálculo en varias variables  aMaterial Complementario /d(03 002602, 03 002603) 0aANÁLISIS MATEMÁTICO 0aECONOMÍA MATEMÁTICA 0aMATEMÁTICAS FINANCIERAS1 aPaul, Richard S. eautor  aDíaz Mata, Alfredoetraductor 2lcccLB